| 000 | 00586nam a2200205Ia 4500 | ||
|---|---|---|---|
| 003 | GCL | ||
| 008 | 140319s9999 xx 000 0 ara d | ||
| 040 |
_aGCL / _cGCL |
||
| 082 | 0 | 4 |
_a610.9 _bا ف |
| 100 | 1 | _aمحمد اسماعيل على | |
| 245 | 1 | 0 |
_aفردوس الحكمة فى الطب / _cمحمد اسماعيل على |
| 700 | 1 | _aابوالحسن الطبرى | |
| 700 | 1 | _aمحمد زبير الصديق | |
| 260 |
_a[S.N] : _bافتاب ، _c1928 |
||
| 300 | _a620 ص | ||
| 490 | _a | ||
| 650 | 0 | 4 | _aتاريخ |
| 650 | 0 | 4 | _aالطب العربى |
| 942 |
_2ddc _cBK |
||
| 999 |
_c49684 _d49684 |
||